000 00641pam a2200205 a 4500
020 _a0080358306 :
020 _a0080358314 (pbk.) :
082 0 0 _a363.741
_bPOW
_cL-30, P-61
100 1 _aPowell, R. F.
_948892
245 1 0 _aNoise in the military environment /
_cR.F. Powell and M.R. Forrest.
250 _a1st ed.
260 _aLondon ;
_aWashington :
_bBrassey's Defence Publishers,
_cc1988.
300 _ax, 125 p. :
_bill. ;
_c26 cm.
500 _aIncludes index.
526 _a0
_b0
_c0
_d363_741000000000000_POW
650 0 _aArmed Forces
_xNoise.
_948893
650 0 _aMCE
_9379
700 1 _aForrest, M. R.
_948894
942 _2ddc
_cBK
999 _c551757
_d551757